| 000 | 00828nam a22002057a 4500 | ||
|---|---|---|---|
| 999 |
_c13113 _d13113 |
||
| 003 | AR-CdUCM | ||
| 008 | 190411b ||||| |||| 00| 0 spa d | ||
| 040 |
_aMUNICIPALIDAD PROVINCIAL DEL CUSCO _cBIBLIOTECA MUNICIPAL DEL CUSCO |
||
| 082 |
_22ed. _aC / 373.1 / _bF65 |
||
| 100 |
_aFlores Ugarte, Hugo H. _931317 |
||
| 245 |
_aMetodología pedagógica y supervisión docente : _bpara primaria secundaria y superior / |
||
| 300 |
_a193 páginas ; _c22 cm. |
||
| 505 | _aTeoría y técnica metodológica general del curso -- El proceso de educación -- La motivación -- Teoría y praxis de los métodos... | ||
| 650 |
_aTeoría de la enseñanza. _931318 |
||
| 650 |
_aMétodos de enseñnaza. _931319 |
||
| 650 |
_aEducacción. _931320 |
||
| 650 |
_aPraxis de enseñar. _931321 |
||
| 942 |
_2ddc _cLIBROS |
||
| 945 |
_awfj _d2019-04-11 |
||